书目信息 |
| 题名: |
电脑DIY装机高手
|
|
| 作者: | ;《电脑DIY装机高手》编委会 编 | |
| 分册: | ||
| 出版信息: | 西安 西北工业大学出版社 2002.11 |
|
| 页数: | 338页 | |
| 开本: | 26cm | |
| 丛书名: | ||
| 单 册: | ||
| 中图分类: | TP36 | |
| 科图分类: | ||
| 主题词: | 微型计算机--组装--教材 , 微型计算机--维修--教材 | |
| 电子资源: | ||
| ISBN: | 7-5612-1263-1 | |
| 000 | 01013nam0 2200253 450 | |
| 001 | 0120010094 | |
| 005 | 20050822223449.18 | |
| 010 | @a7-5612-1263-1@dCNY26.00 | |
| 100 | @a20010220d2002 em y0chiy0110 ea | |
| 101 | 0 | @achi |
| 102 | @aCN@b610000 | |
| 105 | @aa z 000yy | |
| 200 | 1 | @a电脑DIY装机高手@Adian nao DIY zhuang ji gao shou@e最佳电脑组装和维护教程@f《电脑DIY装机高手》编委会编@Fdian nao DIY zhuang ji gao shou bian wei hui bian |
| 205 | @a第2版 | |
| 210 | @a西安@c西北工业大学出版社@d2002.11 | |
| 215 | @a338页@c图@d26cm | |
| 330 | @a本书以最新多媒体电脑体系结构为基础,深入浅出地介绍硬件的选购、微机的组装、电脑的调试、软件的安装,以及微机维修的基础知识及实用技能。 | |
| 333 | @a本书适合于大中专院校师生、各行各业PC机管理人员及机房维护人员。 | |
| 606 | 0 | @a微型计算机@x组装@x教材 |
| 606 | 0 | @a微型计算机@x维修@x教材 |
| 690 | @aTP36@v4 | |
| 711 | 02 | @a《电脑DIY装机高手》编委会@Adian nao DIY zhuang ji gao shou bian wei hui@4编 |
| 801 | 0 | @aCN@bQSSK@c20050822 |
| 905 | @a10447@dTP36@eD480 | |
| 电脑DIY装机高手:最佳电脑组装和维护教程/《电脑DIY装机高手》编委会编.-第2版.-西安:西北工业大学出版社,2002.11 |
| 338页:图;26cm |
| 使用对象:本书适合于大中专院校师生、各行各业PC机管理人员及机房维护人员。 |
| ISBN 7-5612-1263-1:CNY26.00 |
| 本书以最新多媒体电脑体系结构为基础,深入浅出地介绍硬件的选购、微机的组装、电脑的调试、软件的安装,以及微机维修的基础知识及实用技能。 |
| ● |
| 相关链接 |
|
|
|
正题名:电脑DIY装机高手
索取号:TP36/D480
 
预约/预借
| 序号 | 登录号 | 条形码 | 馆藏地/架位号 | 状态 | 备注 |
| 1 | 560826 | 205608261 | 自科库301/301自科库 91排2列2层/ [索取号:TP36/D480] | 在馆 | |
| 2 | 560827 | 205608270 | 自科库301/301自科库 91排2列2层/ [索取号:TP36/D480] | 在馆 | |
| 3 | 560828 | 205608289 | 自科库301/404自科库 2排5列5层/ [索取号:TP36/D480] | 在馆 |